| 000 | 00635nam a2200217 a 4500 | ||
|---|---|---|---|
| 999 |
_c1397 _d1397 |
||
| 001 | 1397 | ||
| 003 | BD-JhCC | ||
| 005 | 20180922134015.0 | ||
| 008 | 171018s1981 bg ||||| |||| 00| 0 ben d | ||
| 035 | _a(BD-JhCC)1397 | ||
| 040 |
_aBD-JhCC _dBD-JhCC |
||
| 041 | _aben | ||
| 082 |
_222 _a891.4409 _bKAI 1981 |
||
| 100 | _aকায়সার, রফিক | ||
| 245 |
_aকমলপুরাণ / _cরফিক কায়সার |
||
| 260 |
_aঢাকা : _bপ্যাপিরাস প্রেস, _c১৯৮১ |
||
| 300 |
_a113 p. : _c22cm. |
||
| 650 | _abengali literature | ||
| 942 |
_2ddc _cBK _01 |
||